Loading...
| Science - Chemistry | 0 | 3 | 1 | 1 | 25 | 87 | 108.00 | 0 | 0 |
| Literature - British Literature | 0 | 2 | 0 | 2 | 20 | 121 | 130.00 | 0 | 0 |
| Religion | 0 | 2 | 0 | 0 | 20 | 34 | 50.50 | 1 | 2 |
| Science - Other Science | 0 | 2 | 1 | 1 | 15 | 56 | 74.50 | 1 | 1 |
| Literature - World/Other Literature | 0 | 1 | 0 | 0 | 10 | 47 | 47.00 | 0 | 1 |
| Science - Physics | 0 | 1 | 0 | 0 | 10 | 88 | 88.00 | 0 | 0 |
| History - Other History | 0 | 1 | 0 | 0 | 10 | 130 | 130.00 | 0 | 0 |
| History - World History | 0 | 1 | 0 | 0 | 10 | 96 | 96.00 | 0 | 0 |
| Literature - American Literature | 0 | 1 | 0 | 0 | 10 | 49 | 49.00 | 0 | 1 |
| Mythology | 0 | 1 | 2 | 0 | 0 | 17 | 17.00 | 1 | 1 |
| Philosophy | 0 | 0 | 1 | 0 | -5 | 0.00 | 0 | 0 | |
| Fine Arts - Other Fine Arts | 0 | 0 | 1 | 0 | -5 | 0.00 | 0 | 0 | |
| Fine Arts - Classical Music | 0 | 0 | 1 | 0 | -5 | 0.00 | 0 | 0 |